Регионална библиотека "Любен Каравелов" - Русе

История на средните векове (Запис номер 56254)

MARC детайли
000 -Лидер
Контролно поле с фиксирана дължина 01510nam a2200337 c 4500
003 - Код на организацията, давaща контролен номер
Контролно поле BLK
005 - Дата и час на последна редакция
Контролно поле 20210823084730.0
008 - Елементи от данни с фиксирана дължина
fixed length control field 180408b bul|||||r ||||||| ||bul||
010 ## - Наследен системен номер
LC control number KNG00060233000
040 ## - Източник на каталожния запис
Идентификатор на билиотеката - собственик на записа BLK
041 ## - Код за език
Код за езика на текст/звукозапис или на отделно заглавие Български
Код за езика КДБФ Български
080 ## - УДК
Текстов определител УДК История на Европа. Средни векове (375-1492)
УДК код - определител по УДК 940.1
УДК определител (075.3)
УДК - код + определител 940.1(075.3)
100 1# - Редна дума - Автор
Автор Бакалов, Георги Петров
Авторска отговорност първи автор
R(LIN) 364708
139 ## - Редно поле
Редна дума Бакалов, Георги Петров и др.
Авторски знак Бак - Б 16
245 10 - Сведения за заглавието
Заглавие История на средните векове
Подзаглавни данни Учебник за IX кл. на Нац. гимназия за древни езици и култури
Редно поле (дума) Георги Петров Бакалов; съавт. Петър Димитров Ангелов.
250 ## - Област на изданието
Сведения за изданието 2. изд.
257 ## - Страна на издаване
Страна на създаване/издаване България
260 ## - Област на издателските данни
-- София
Име на издателя, разпространителя и проч. Унив. изд. Св. Климент Охридски
Година на издаване 1991
Печатница Перник : ДФ Полиграф
300 ## - Физическа характеристика
Страници 288 с.
Размери/Мащаб 24 см
380 ## - Жанр
Жанр История
500 ## - Общи забележки
Забележка 1. изд. 1986 на изд. Просвета. - 500 тир.
650 #4 - Допълнително описание по предмет – тема
Основно описание – тема или топоним История - средни векове - учебници за средни училища
9 (RLIN) 269327
653 ## - Ключова дума – ненормативна
Ключова дума история
653 ## - Ключова дума – ненормативна
Ключова дума Средновековие
700 1# - Други автори (авторска отговорност)
Лично име Ангелов, Петър Димитров
Автороска отговорност (Описва отношението между автора и произведението) съавт.
9 (RLIN) 366230
852 ## - Местоположение
Форматна сигнатура Цб 167020
856 4# - Електронен адрес и достъп
Електронен формат pdf - файл
Път до файла /url/
856 4# - Електронен адрес и достъп
Електронен формат pdf - файл
Път до файла /url/
942 ## - АРТИКУЛИ
Вид на библиотечния материал Книги
Скрит в OPAC Не
Koha issues (borrowed), all copies 1
944 ## - СЪЗДАВАНЕ И РЕДАКЦИЯ на ЗАПИСА
Създаване/Редакция Създаване
Дата на регистрацията/редакция 13.06.2004
Служител, извършил регистрацията/редакцията Наталия_Медовщикова
944 ## - СЪЗДАВАНЕ И РЕДАКЦИЯ на ЗАПИСА
Създаване/Редакция Редакция
Дата на регистрацията/редакция 09.04.2012
Служител, извършил регистрацията/редакцията
999 ## - СИСТЕМНИ КОНТРОЛНИ НОМЕРА
Koha biblionumber 56254
Koha biblioitemnumber 56254
Наличности
Код за отписване Код за изгубен артикул Източник на класификационната схема Код за повреда Коз за рестрикции Код за отдаване Артикулен № Име на библиотеката - собственик Име на библиотеката, в която се намира в момента Статус (Текущо местоположение) Дата на вписване в системата Местоположение - отдел Цена в лева Инвентарен номер Систематично азбучна сигнатура Баркод Номер на екземпляра Цена в евро Служебна бележка Служебен тип на артикула
  Не е изгубен Universal Decimal Classification Не е повреден без рестрикции ползва се в читалня 88829 Регионална библиотека "Любен Каравелов" Русе Регионална библиотека "Любен Каравелов" Русе Читалня 1993-01-01 Читалня 63.86 595607 Ч 93/94/Б16 Г 120000595607 1 32.65 Дата инв: 28.03.2017 Бележки инв: Ч2017 Книги
  Не е изгубен Universal Decimal Classification Не е повреден без рестрикции ползва се в читалня 88830 Регионална библиотека "Любен Каравелов" Русе Регионална библиотека "Любен Каравелов" Русе Хранилище 1991-01-01 Хранилище 0.00 561015 Цб 167020 120000561015 2 0.00 N: стар фонд Дата: 01.01.1991 Книги
Изтеглен Не е изгубен Universal Decimal Classification Не е повреден без рестрикции заемане за дома 88831 Регионална библиотека "Любен Каравелов" Русе Регионална библиотека "Любен Каравелов" Русе Заемна - подръчен фонд 1991-01-01 Заемна - подръчен фонд 1.27 595606 П 940(07)/Б 16 595606 3 0.65 N: стар фонд Дата: 01.01.1991 Книги
Изтеглен Не е изгубен Universal Decimal Classification Не е повреден без рестрикции заемане за дома 88832 Регионална библиотека "Любен Каравелов" Русе Регионална библиотека "Любен Каравелов" Русе Детски отдел 1991-01-01 Детски отдел 4.47 595608 ДН 93/99/Б 16 595608 4 2.29 N: стар фонд Дата: 01.01.1991 Дата инв: 25.08.2015 Бележки инв: Д2015 Книги
Vip Innovations Ltd, Rousse, Bulgaria 2025